000 01060cam a22003137a 4500
003 CHAP
005 20220329141647.0
008 971013s r 00010 d
010 _a71774
011 _a72746
035 _a82302
040 _cCHAP
082 _a661.3
_bG35
100 0 0 _aGamboa Soria, Arturo.
_944576
245 1 3 _aLa industria de los álcalis y sus posibilidades de desarrollo en México
260 _aMéxico, D.F. :
_bBanco de México,
_c(s.a.)
300 _a48 p. (Monografías industriales)
590 _aBATCH-UPD
_b10
_c20130110
_lUCH01
_h0712
590 _aBATCH-UPD
_b10
_c20130110
_lUCH01
_h2331
590 _aBATCH-UPD
_b10
_c20130410
_lUCH01
_h0358
590 _aBATCH-UPD
_b10
_c20130914
_lUCH01
_h0530
590 _aCONVERSION
_b10
_c20130109
_lUCH01
_h1339
650 1 4 _aAlcalis
_xIndustria.
_93540
710 0 _aBanco de México.
_99829
901 _aBK
942 _cLIBRO
949 _a661.3 G35
_bBC
_cLIBRO
_d33724000130266
_eLIBRO
_fc.2
_h25216
_i82302
_si
949 _a661.3 G35
_bBC
_cLIBRO
_d33724000130274
_eLIBRO
_h25215
_i82302
_si
999 _c71774
_d71774